书目信息 |
| 题名: |
城市土地经济学
|
|
| 作者: | 周京奎 编著 | |
| 分册: | ||
| 出版信息: | 北京 北京大学出版社 2007.08 |
|
| 页数: | 343页 | |
| 开本: | 23cm | |
| 丛书名: | 21世纪经济与管理精编教材·经济学 | |
| 单 册: | ||
| 中图分类: | F293.2 | |
| 科图分类: | ||
| 主题词: | 城市--cheng shi--土地经济学--高等学校--教材 | |
| 电子资源: | ||
| ISBN: | 978-7-301-11232-8 | |
| 000 | 01129nam 2200277 450 | |
| 001 | 012008905921 | |
| 005 | 20080604112811.81 | |
| 010 | @a978-7-301-11232-8@dCNY32.00 | |
| 100 | @a20080603d2007 em y0chiy0120 ea | |
| 101 | 0 | @achi |
| 102 | @aCN@b110000 | |
| 105 | @ay a 000yy | |
| 106 | @ar | |
| 200 | 1 | @a城市土地经济学@Acheng shi tu di jing ji xue@d= Urban land economics@f周京奎编著@Fzhou jing kui bian zhu@zeng |
| 210 | @a北京@c北京大学出版社@d2007.08 | |
| 215 | @a343页@d23cm | |
| 225 | 2 | @a21世纪经济与管理精编教材·经济学@A21 shi ji jing ji yu guan li jing bian jiao cai·jing ji xue@i房地产经济学系列 |
| 320 | @a有书目 (第340-343页) | |
| 330 | @a本书共分为十二章,其主要内容有:城市土地需求、城市土地供给、城市土地市场、城市土地产权制度、城市土地金融、城市土地税收、城市土地经营、城市土地管理体制。 | |
| 410 | 0 | @12001 @a21世纪经济与管理精编教材·经济学@i房地产经济学系列 |
| 510 | 1 | @aUrban land economics@zeng |
| 606 | 0 | @a城市@Acheng shi@x土地经济学@x高等学校@j教材 |
| 690 | @aF293.2@v4 | |
| 701 | 0 | @a周京奎@Azhou jing kui@4编著 |
| 801 | 0 | @aCN@bQSSK@c20080604 |
| 905 | @b723849-51@dF293.2@eZ773@f3 | |
| 城市土地经济学= Urban land economics/周京奎编著.-北京:北京大学出版社,2007.08 |
| 343页;23cm.-(21世纪经济与管理精编教材·经济学.房地产经济学系列) |
| ISBN 978-7-301-11232-8:CNY32.00 |
| 本书共分为十二章,其主要内容有:城市土地需求、城市土地供给、城市土地市场、城市土地产权制度、城市土地金融、城市土地税收、城市土地经营、城市土地管理体制。 |
| ● |
| 相关链接 |
|
|
|
正题名:城市土地经济学
索取号:F293.2/Z773
 
预约/预借
| 序号 | 登录号 | 条形码 | 馆藏地/架位号 | 状态 | 备注 |
| 1 | 723849 | 207238498 | 测绘与城市空间信息学院资料室/ [索取号:F293.2/Z773] | 在馆 | |
| 2 | 723850 | 207238504 | 社科库409/409社科库 106排1列5层/ [索取号:F293.2/Z773] | 在馆 | |
| 3 | 723851 | 207238513 | 社科库409/409社科库 107排1列3层/ [索取号:F293.2/Z773] | 在馆 |